• 首页
  • 本馆介绍
  • 公告通知
  • 最新文献
  • 馆藏检索
  • 电子资源
  • 读者导购
  • 参考咨询
  • 我的图书馆
  • 登录
  • 详细信息显示
  • 放入我的书架
  • 预约/预借图书
  • 作者相关作品
  • 分类相关作品
  • 丛书相关作品
  • 出版社相关作品

书目信息

  • 表格格式
  • 工作单格式
  • 卡片格式
题名:
维修电工习题集
    
 
作者: 文学 , 夏克明 , 张刘勃安 编著
分册:  
出版信息: 北京   化学工业出版社  2014
页数: 222页
开本: 26cm
丛书名:
单 册:
中图分类: TM07-44 , TM07
科图分类:
主题词: 电工维修--Dian Gong Wei Xiu--习题集
电子资源:
ISBN: 978-7-122-19303-2
000 01053nam0 2200277 450
001 1655603922
005 20140422090101.8
010    @a978-7-122-19303-2@dCNY42.00
100    @a20130318d2014 em y0chiy0120 ea
101 0  @achi
102    @aCN@b110000
105    @ay z 000yy
106    @ar
200 1  @a维修电工习题集@AWei Xiu Dian Gong Xi Ti Ji@f张文学, 夏克明, 刘勃安编著
210    @a北京@c化学工业出版社@d2014
215    @a222页@d26cm
330    @a本书内容包括电场、电路、电磁基础知识,电工识图制图,电工材料,变压器、电动机与其他电气设备,供配电,电气自动化,电气测量,电气检修,电气试验,电工安全,PLC,变频器等相关知识,分初级、中级、高级、技师、高级技师五个部分编写。
333    @a可供工业、民用电工考试、培训、自学使用, 也可供各级院校电气专业教学参考
606 0  @a电工维修@ADian Gong Wei Xiu@j习题集
690    @aTM07-44@v5
690    @aTM07@v4
701  0 @a文学@AWen Xue@4编著
701  0 @a夏克明@AXia Ke Ming@4编著
701  0 @a张刘勃安@AZhang Liu Bo An@4编著
801  0 @aCN@b江苏新华@c20150511
905    @aBZT@dTM07@e13
    
    维修电工习题集/张文学, 夏克明, 刘勃安编著.-北京:化学工业出版社,2014
    222页;26cm
    使用对象:可供工业、民用电工考试、培训、自学使用, 也可供各级院校电气专业教学参考
    
    ISBN 978-7-122-19303-2:CNY42.00
    本书内容包括电场、电路、电磁基础知识,电工识图制图,电工材料,变压器、电动机与其他电气设备,供配电,电气自动化,电气测量,电气检修,电气试验,电工安全,PLC,变频器等相关知识,分初级、中级、高级、技师、高级技师五个部分编写。
●
相关链接 在五车中查询图书 在当当中查询图书 在豆瓣中查询图书


正题名:维修电工习题集     索取号:TM07/13         预约/预借

序号 登录号 条形码 馆藏地/架位号 状态 备注
1 796243   2000796243   第二书库/ [索取号:TM07/13] 在馆    
2 796244   2000796244   第二书库/ [索取号:TM07/13] 在馆    
3 796245   2000796245   第二书库/ [索取号:TM07/13] 在馆    
山东省滨州职业学院图书馆 欢迎您!
大连网信软件有限公司© 版权所有